000 00558nam a2200217Ia 4500
005 20251121153822.0
008 230125s9999 xx 000 0 und d
020 _a9788184958850
041 _aeng
082 _a158.1
_bVAS
100 _aVaswani J P
_9215324
245 _aIts All Matter of Attitude!
250 _aEd.1st
260 _c2016
_bJaico Publishing House
_aMumbai
300 _a164p
500 _aPersonality Development
650 _aPersonality Development
_9213420
700 _aVaswani J P
_9215324
906 _b61.69
942 _cBK
999 _c94759
_d94759